| 000 | 01175nam a22003490a 4500 | ||
|---|---|---|---|
| 001 | PT35618 | ||
| 003 | AR-LpoUNG | ||
| 005 | 20210131230319.0 | ||
| 008 | 191001s2007||||sp |||||||||||||||||spa d | ||
| 020 |
_a9788480167390 _c$35,25 |
||
| 040 |
_aAR-LpoUNG _bspa _cAR-LpoUNG _eaacr |
||
| 041 | _aspa | ||
| 044 | _asp | ||
| 082 | 0 | _aR911 813atl | |
| 100 | 1 | _aDuby, Georges | |
| 245 | 1 | 0 | _aAtlas histórico mundial |
| 250 | _a1ra. ed. | ||
| 260 |
_aBarcelona : _bLarousse, _c2007. |
||
| 300 |
_a352 p. : _bil. |
||
| 520 | _a<p>La finalidad de este atlas histórico fue el exponer la historia global de las civilizaciones hasta nuestros días. Esta obra utiliza los recursos más expresivos del lenguaje gráfico. Asocia la noción de áreas culturales a la evolución cronológica, lo que le permite seguir, a la vez en el tiempo y en el espacio, las etapas de la aventura humana.</p> | ||
| 650 | 4 | _aCAMBIO SOCIAL | |
| 650 | 4 | _aCARTOGRAFIA | |
| 650 | 4 | _aCULTURA | |
| 650 | 4 | _aGEOGRAFIA | |
| 650 | 4 | _aHISTORIA MUNDIAL | |
| 650 | 4 | _aMAPAS | |
| 650 | 4 | _aREVOLUCION | |
| 650 | 4 | _aSISTEMAS POLITICOS | |
| 651 | 4 | _aMundial | |
| 905 | _a35618 | ||
| 942 | _cLSALA | ||
| 999 |
_c2775 _d2775 |
||